00620nam a2200205 a 450000100060000000300080000600500170001400800410003103500190007204000420009104100080013308200250014124500840016626000410025030000250029150000190031665100370033565100250037270000170039745569BD-RjUL20211209054032.0160727s1953 enk 001 0 eng d a(BD-RjUL)45687 aDLCcEXKdOCLdUKMdEQOdBD-RjULbeng aeng a330.95223bECO 195310aEconomic problems of underdeveloped countries in Asia /cedited by, B. K. Madan aNew York :bRussell & Russell,c1953 aiv, 290 p. ;c26 cm. aIncludes Index 0aAsiaxEconomic conditionsy1918- 0aDeveloping countries aMadan, B. K.